000 00386 a2200169 4500
001 189072
020 _a978-85-377-1053-1
040 _cMagnum
100 _aDolhnikoff, Miriam
240 1 0 _aNovo ritmos da história 9
_lpor
245 1 0 _aNovo ritmos da história 9
300 _a352
362 0 _a2010
440 1 _aEscala Educacional
697 _aHISTÓRIA GERAL
942 _cBK
999 _c189072
_d189072